Wanderlust - The Weeknd Lyrics - Statistics

General Stats
  • This quiz has been taken 85 times
  • The average score is 211 of 273
Answer Stats
Hint Answer % Correct
I
100%
so
93%
diamond
91%
it
91%
little
91%
little,
91%
Bridge | Bridge2x | Outro Precious
91%
precious
91%
you
91%
You
91%
a
89%
to
89%
in
86%
love
86%
me
86%
the
86%
2x Wanderlust
86%
And
84%
be
84%
believe
84%
go
84%
than
84%
your
82%
all
80%
all,
80%
Verse1 Is
80%
say
80%
something
80%
every
77%
girls
77%
Good
77%
hard
77%
same
77%
stronger
77%
thing?
77%
thing
77%
tonight
77%
tonight,
77%
bad
75%
bigger
75%
heaven
75%
tomorrow
75%
trust
75%
won't
75%
you're
75%
Hook 1 | Hook2 You're
75%
It's
73%
will
73%
care
70%
with
68%
after
66%
everywhere
66%
come
64%
Verse2 Don't
64%
let
64%
Let
64%
on
64%
sacrifice
64%
I'm
61%
repeat
61%
leave
59%
shame
59%
this
59%
away
57%
from
57%
Just
57%
time
57%
time?
57%
For
55%
for
55%
that
55%
shine
52%
shy
52%
us
52%
apprehensiveness
50%
here
50%
of
50%
only
50%
try
50%
Why
50%
'Cause
48%
idea
48%
last
48%
right
48%
side
48%
we'll
48%
each
45%
other
45%
weak
45%
have
43%
into
43%
know
43%
waste
41%
wildfire
41%
would
41%
patronize
39%
they'll
39%
They're
39%
hole
36%
Burn
32%
inhibition
27%
No matching quizzes found
Score Distribution
Percent of People with Each Score
Percentile by Number Answered
Your Score History
You have not taken this quiz